000 00356nam a2200145Ia 4500
008 210716s2014 xx 000 0 und d
020 _a9788120349407
041 _aeng
082 _a658.404 GUPR
100 _aGupta, Rajeev M.
245 _aProject management.
250 _a2
260 _aNew Delhi
_bPHI Learning Pvt Ltd
_c2014
300 _axviii,345
999 _c209848
_d209848